[Event "CAN-ch U20 U1800"]
[Site "Toronto CAN"]
[Date "2018.08.11"]
[Round "6.20"]
[White "Wang, Eric"]
[Black "Jeyakumar, Bhavatharshan"]
[Result "1/2-1/2"]
[WhiteElo "1677"]
[BlackElo "1532"]
[PlyCount "56"]
[EventDate "2018.08.08"]
[EventType "swiss"]
[EventRounds "9"]
[EventCountry "CAN"]

1. c4 Nf6 2. Nc3 e5 3. Nf3 Nc6 4. d4 exd4 5. Nxd4 Bc5 6. Nxc6 bxc6 7. g3 Bb7 8.
Bg2 O-O 9. O-O Rb8 10. Qc2 Qe7 11. Bg5 h6 12. Bxf6 Qxf6 13. Rfd1 Qe7 14. Ne4
Rfd8 15. Nxc5 Qxc5 16. Rd2 d6 17. Rad1 Rd7 18. b3 Re8 19. e3 Ree7 20. Bh3 Rd8
21. Bg2 a5 22. Rb1 Qb4 23. Rc1 c5 24. Qc3 Bxg2 25. Kxg2 Qxc3 26. Rxc3 Ree8 27.
Kf3 f6 28. Rcd3 Ra8 1/2-1/2

[Event "CAN-ch U20 U1800"]
[Site "Toronto CAN"]
[Date "2018.08.11"]
[Round "6.21"]
[White "Qin, Vincent"]
[Black "Shi, Michael"]
[Result "0-1"]
[WhiteElo "1644"]
[BlackElo "1486"]
[PlyCount "66"]
[EventDate "2018.08.08"]
[EventType "swiss"]
[EventRounds "9"]
[EventCountry "CAN"]

1. e4 e5 2. Nf3 Nc6 3. Bc4 Nf6 4. d3 h6 5. c3 Bc5 6. O-O O-O 7. Nbd2 d6 8. Bb3
Be6 9. Bc2 b5 10. h3 Nh7 11. Re1 Qd7 12. Nf1 d5 13. exd5 Qxd5 14. Bb3 Qd6 15.
Bxe6 fxe6 16. Be3 Bxe3 17. Nxe3 Rad8 18. Qb3 Rxf3 19. gxf3 Ng5 20. Kg2 Rf8 21.
Rh1 e4 22. dxe4 Qf4 23. Nf5 Qxf3+ 24. Kg1 Nxe4 25. Qxe6+ Kh7 26. Rh2 Rf6 27.
Qd7 Rg6+ 28. Kf1 Ne5 29. Qd4 Qxf5 30. Rd1 Nf3 31. Qxa7 Nxh2+ 32. Ke1 Rg1+ 33.
Ke2 Qf3# 0-1

[Event "CAN-ch U20 U1800"]
[Site "Toronto CAN"]
[Date "2018.08.11"]
[Round "6.22"]
[White "Xiang, Christopher"]
[Black "Gao, Lucy"]
[Result "1-0"]
[WhiteElo "1640"]
[BlackElo "1509"]
[PlyCount "75"]
[EventDate "2018.08.08"]
[EventType "swiss"]
[EventRounds "9"]
[EventCountry "CAN"]

1. e4 e5 2. Nf3 Nc6 3. d4 exd4 4. Nxd4 Nf6 5. Nxc6 bxc6 6. Bd3 Bb7 7. O-O Be7
8. Nc3 d6 9. Be3 O-O 10. f4 Nd7 11. Qg4 Bf6 12. Rf3 g6 13. Rf2 Bc8 14. Qe2 a5
15. Qd2 Rb8 16. b3 Qe7 17. Re1 Bb7 18. Bf1 Bg7 19. Bd4 f6 20. Bc4+ Kh8 21. f5
Ne5 22. Be6 Bc8 23. Bxe5 Bxe6 24. Bf4 Bf7 25. Rf3 Rbe8 26. Re2 g5 27. Be3 Bh5
28. Rh3 Bxe2 29. Qxe2 Qf7 30. Qa6 Ra8 31. Qxc6 Rfd8 32. Nd5 Rdc8 33. Bd4 Kg8
34. Qc3 c5 35. Bxf6 Re8 36. Bxg7 Qxg7 37. Nf6+ Kf8 38. Rxh7 1-0

[Event "CAN-ch U20 U1800"]
[Site "Toronto CAN"]
[Date "2018.08.11"]
[Round "6.23"]
[White "Locham, Divjot"]
[Black "Han, Jonathan"]
[Result "0-1"]
[WhiteElo "1373"]
[BlackElo "1629"]
[PlyCount "144"]
[EventDate "2018.08.08"]
[EventType "swiss"]
[EventRounds "9"]
[EventCountry "CAN"]

1. e4 c5 2. Nf3 d6 3. Bb5+ Bd7 4. Bxd7+ Qxd7 5. O-O Nc6 6. c3 Nf6 7. Re1 e5 8.
d4 Be7 9. Bg5 h6 10. Bc1 O-O 11. d5 Nd8 12. Nbd2 Nh7 13. Nf1 f5 14. Ng3 fxe4
15. Nxe4 Nf6 16. Nxe5 dxe5 17. d6 Nxe4 18. dxe7 Qxe7 19. Rxe4 Qf7 20. Qe2 Nc6
21. Qc4 Rad8 22. Qxf7+ Rxf7 23. Be3 b6 24. Kf1 Rfd7 25. Ke2 Kf7 26. Rg4 Ne7 27.
Re4 Kf6 28. g4 g5 29. Rf1 Ng6 30. Re1 Nh4 31. Rg1 Rd5 32. a3 Ng6 33. Re1 R8d6
34. h3 Nf4+ 35. Bxf4 exf4 36. Kf3 Rd3+ 37. Kg2 Rd2 38. R4e2 R2d3 39. Re4 Rd2
40. R4e2 a5 41. b4 R2d3 42. Rc2 Rd2 43. Rec1 Rxc2 44. Rxc2 axb4 45. axb4 cxb4
46. cxb4 Ke5 47. Kf3 Kd5 48. Ke2 Rc6 49. Rxc6 Kxc6 50. Kd3 Kb5 51. Kc3 Ka4 52.
Kc4 Ka3 53. Kb5 Kb3 54. Kxb6 Kxb4 55. Kc6 Kc4 56. Kd6 Kd4 57. Ke6 Ke4 58. Kf6
Kf3 59. Kg6 Kxf2 60. Kxh6 Kg3 61. Kxg5 f3 62. h4 f2 63. h5 f1=Q 64. h6 Qf7 65.
h7 Qxh7 66. Kf6 Kxg4 67. Ke6 Qf5+ 68. Ke7 Qg6 69. Kf8 Qh7 70. Ke8 Kf5 71. Kf8
Ke6 72. Ke8 Qg8# 0-1

[Event "CAN-ch U20 U1800"]
[Site "Toronto CAN"]
[Date "2018.08.11"]
[Round "6.24"]
[White "Han, Kevin"]
[Black "Ramesh, Sanjay"]
[Result "0-1"]
[WhiteElo "1081"]
[BlackElo "1578"]
[PlyCount "76"]
[EventDate "2018.08.08"]
[EventType "swiss"]
[EventRounds "9"]
[EventCountry "CAN"]

1. e4 d5 2. exd5 Nf6 3. Nf3 Nxd5 4. d4 Bg4 5. Be2 e6 6. O-O c6 7. a3 Bd6 8. c4
Nf4 9. Bxf4 Bxf4 10. h3 Bf5 11. Bd3 Bg6 12. Nc3 Bh5 13. Re1 O-O 14. g4 Bg6 15.
Bxg6 hxg6 16. Ne5 Nd7 17. Nf3 Nb6 18. Qb3 Qc7 19. Rad1 Rfd8 20. Kg2 Rd7 21. c5
Nd5 22. Nxd5 Rxd5 23. Ne5 Bxe5 24. dxe5 Rxc5 25. Rd3 b6 26. Red1 Qxe5 27. Qa4
a5 28. f4 Qxb2+ 29. R1d2 Qf6 30. Qd1 Rd5 31. Qf3 Rad8 32. Rxd5 Rxd5 33. Rc2 c5
34. g5 Qd4 35. Re2 c4 36. Qg4 Rf5 37. h4 Qxf4 38. Qh3 Qf1+ 0-1

[Event "CAN-ch U20 U1800"]
[Site "Toronto CAN"]
[Date "2018.08.11"]
[Round "6.25"]
[White "Zhao, Jonathan"]
[Black "Xiao, Edward"]
[Result "1/2-1/2"]
[WhiteElo "1742"]
[BlackElo "1488"]
[PlyCount "51"]
[EventDate "2018.08.08"]
[EventType "swiss"]
[EventRounds "9"]
[EventCountry "CAN"]

1. d4 Nf6 2. Nf3 e6 3. Nbd2 c5 4. e3 Nc6 5. Bd3 d5 6. b3 Bd6 7. Bb2 O-O 8. a3
b6 9. O-O Bb7 10. Ne5 Nd7 11. f4 f6 12. Qh5 f5 13. Nxd7 Qxd7 14. Bb5 a6 15.
Bxc6 Bxc6 16. Rf3 Qf7 17. Qh3 Be7 18. Rg3 cxd4 19. Bxd4 Bf6 20. Nf3 Bxd4 21.
Ng5 Bxe3+ 22. Rxe3 Qg6 23. Rxe6 Rf6 24. Rae1 h6 25. Rxf6 Qxf6 26. Nf3 1/2-1/2

[Event "CAN-ch U20 U1800"]
[Site "Toronto CAN"]
[Date "2018.08.11"]
[Round "6.26"]
[White "Li, Wing"]
[Black "Ran, Charles"]
[Result "1/2-1/2"]
[WhiteElo "1569"]
[BlackElo "1679"]
[PlyCount "86"]
[EventDate "2018.08.08"]
[EventType "swiss"]
[EventRounds "9"]
[EventCountry "CAN"]

1. d4 d5 2. c4 Nf6 3. g3 Bf5 4. Bg2 e6 5. Nf3 Bb4+ 6. Bd2 Bxd2+ 7. Nbxd2 Nc6 8.
O-O O-O 9. Qb3 Rb8 10. e3 Qe7 11. a3 Nd7 12. cxd5 exd5 13. Qxd5 Be6 14. Qb5 a6
15. Qd3 Rbd8 16. Qc2 Nf6 17. Rfe1 Bg4 18. h3 Bxf3 19. Nxf3 Rfe8 20. Rac1 Rd7
21. Nd2 Nd8 22. Nc4 c6 23. Ne5 Rc7 24. e4 Nd7 25. Nf3 Nf6 26. e5 Nd5 27. Ng5
Qxg5 28. Bxd5 Rd7 29. Bg2 Rxd4 30. Qc3 Ne6 31. Qb3 Rd7 32. Qc3 Red8 33. Qb3 Nd4
34. Qe3 Qf5 35. g4 Qe6 36. f4 Qa2 37. Qc3 Nb5 38. Qb4 Rd2 39. Rb1 R2d4 40. Qe7
Qc4 41. f5 R4d7 42. Qg5 Qd4+ 43. Kh1 f6 1/2-1/2

[Event "CAN-ch U20 U1800"]
[Site "Toronto CAN"]
[Date "2018.08.11"]
[Round "6.27"]
[White "Balachandran, Kousihan"]
[Black "Lei, Yanyu"]
[Result "1/2-1/2"]
[WhiteElo "1479"]
[BlackElo "1427"]
[PlyCount "60"]
[EventDate "2018.08.08"]
[EventType "swiss"]
[EventRounds "9"]
[EventCountry "CAN"]

1. e4 c5 2. Nf3 d6 3. d4 cxd4 4. Nxd4 Nf6 5. Nc3 g6 6. Be3 Bg7 7. Be2 Nc6 8.
Bf3 Nxd4 9. Bxd4 Be6 10. O-O O-O 11. e5 dxe5 12. Bxe5 Qb6 13. Rb1 Nh5 14. Bxg7
Nxg7 15. Nd5 Qc5 16. b4 Qc4 17. Nxe7+ Kh8 18. Bd5 Bxd5 19. Qxd5 Qc7 20. Qc5 Ne6
21. Qxc7 Nxc7 22. Rbd1 Rad8 23. c4 Rfe8 24. Nd5 Nxd5 25. cxd5 Re5 26. d6 Re6
27. g3 Rexd6 28. Rxd6 Rxd6 29. Rc1 Rd7 30. Kg2 Kg7 1/2-1/2

[Event "CAN-ch U20 U1800"]
[Site "Toronto CAN"]
[Date "2018.08.11"]
[Round "6.28"]
[White "Cao, Bruce"]
[Black "Lee, Ethan"]
[Result "1-0"]
[WhiteElo "1582"]
[BlackElo "1121"]
[PlyCount "69"]
[EventDate "2018.08.08"]
[EventType "swiss"]
[EventRounds "9"]
[EventCountry "CAN"]

1. e4 e5 2. Nf3 Nc6 3. Bc4 Nf6 4. O-O d5 5. exd5 Nxd5 6. d4 Be6 7. Nxe5 Bd6 8.
Nxc6 Bxh2+ 9. Kxh2 Qh4+ 10. Kg1 bxc6 11. Bxd5 cxd5 12. Be3 O-O 13. Nd2 Rfe8 14.
Nf3 Qe4 15. Qd3 Bf5 16. Qxe4 Rxe4 17. Rac1 Rae8 18. Rfe1 R4e6 19. Bf4 Be4 20.
Ng5 Rf6 21. Be5 Rc6 22. Nxe4 dxe4 23. c4 f6 24. Bf4 g5 25. Bd2 f5 26. Bxg5 Kf7
27. Re3 Rd6 28. d5 c6 29. dxc6 Rxc6 30. Ra3 Kg6 31. Bf4 Re7 32. Rg3+ Kf6 33.
Bg5+ Kf7 34. Bxe7 Kxe7 35. Rg7+ 1-0

[Event "CAN-ch U20 U1800"]
[Site "Toronto CAN"]
[Date "2018.08.11"]
[Round "6.29"]
[White "Yang, Henry"]
[Black "Mugunthan, Vaamanan"]
[Result "1/2-1/2"]
[WhiteElo "1419"]
[BlackElo "1455"]
[PlyCount "159"]
[EventDate "2018.08.08"]
[EventType "swiss"]
[EventRounds "9"]
[EventCountry "CAN"]

1. d4 Nf6 2. c4 e6 3. Nc3 Bb4 4. Qc2 O-O 5. Nf3 d5 6. e3 Nc6 7. Bd3 dxc4 8.
Bxc4 b6 9. O-O Bb7 10. Rd1 Qe7 11. Bd2 Rfd8 12. a3 Bxc3 13. Bxc3 Ne8 14. Rac1
Nd6 15. Bd3 h6 16. Nd2 a5 17. Ne4 Rac8 18. Nxd6 Rxd6 19. Be4 g6 20. Be1 Qg5 21.
f4 Qe7 22. Qa4 Nd8 23. Bxb7 Nxb7 24. Rc2 f5 25. Rdc1 c6 26. Rxc6 Rcxc6 27. Rxc6
Qd7 28. Rxd6 Qxa4 29. Rxe6 Kf7 30. Rxb6 Qd7 31. b4 a4 32. b5 Nd6 33. Ra6 Nxb5
34. Rxa4 Qe7 35. Kf2 Qc7 36. Ra5 Qc2+ 37. Kf3 Qe4+ 38. Kf2 Qc2+ 39. Kf3 Nc3 40.
Bxc3 Qxc3 41. Ra7+ Kf6 42. Ra6+ Kg7 43. Ra7+ Kf8 44. Ra6 g5 45. fxg5 hxg5 46.
Rf6+ Kg7 47. Rxf5 Kg6 48. Re5 Qxa3 49. d5 Qf8+ 50. Ke2 Kf6 51. Re4 Kf5 52. Rd4
Qd6 53. h3 Qh2 54. d6 Qxg2+ 55. Kd3 Qa8 56. d7 Qd8 57. Rd5+ Ke6 58. e4 Ke7 59.
Rd4 Ke6 60. Rd5 Ke7 61. Rd4 Kf6 62. Rd5 Ke6 63. Ke2 Kf6 64. Kd3 Kg6 65. Ke2 Kh5
66. Kd3 Kg6 67. Ke2 Kf6 68. Kd3 Ke7 69. Rd4 Ke6 70. Rd5 Kf6 71. Ke2 Kg6 72. Kd3
Kh5 73. Rd4 g4 74. hxg4+ Kxg4 75. Rd5 Kf4 76. Rf5+ Kg4 77. Rd5 Kf4 78. Rf5+ Kg4
79. Rd5 Kf4 80. Rf5+ 1/2-1/2

[Event "CAN-ch U20 U1800"]
[Site "Toronto CAN"]
[Date "2018.08.11"]
[Round "6.31"]
[White "Mukherjee, Pranoy"]
[Black "Leblanc, Miguel"]
[Result "0-1"]
[WhiteElo "1425"]
[BlackElo "1290"]
[PlyCount "62"]
[EventDate "2018.08.08"]
[EventType "swiss"]
[EventRounds "9"]
[EventCountry "CAN"]

1. d4 Nf6 2. c4 e6 3. Nf3 b6 4. a3 Bb7 5. Nc3 c5 6. d5 exd5 7. cxd5 d6 8. Bf4
Be7 9. e3 O-O 10. Bc4 a6 11. O-O b5 12. Ba2 Nbd7 13. b4 c4 14. Re1 Re8 15. e4
Bf8 16. Qc2 Ne5 17. Nxe5 dxe5 18. Bg3 Nh5 19. Rad1 Nxg3 20. hxg3 Bd6 21. Qb2
Bc8 22. Bb1 Bg4 23. f3 Bd7 24. Bc2 Qg5 25. g4 Bc7 26. Qc1 Bb6+ 27. Kf1 Qh4 28.
Rd2 Qh1+ 29. Ke2 Qxg2+ 30. Kd1 Qxf3+ 31. Ne2 Be3 0-1

[Event "CAN-ch U20 U1800"]
[Site "Toronto CAN"]
[Date "2018.08.11"]
[Round "7.13"]
[White "Zhu, Matthew"]
[Black "Mao, Fengxi"]
[Result "0-1"]
[WhiteElo "1664"]
[BlackElo "1522"]
[PlyCount "72"]
[EventDate "2018.08.08"]
[EventType "swiss"]
[EventRounds "9"]
[EventCountry "CAN"]

1. e4 e5 2. Nf3 Nc6 3. d4 exd4 4. Nxd4 Bc5 5. Be3 Qf6 6. c3 Nge7 7. Bc4 Ne5 8.
Be2 Qg6 9. O-O d5 10. Bh5 Qxe4 11. Nd2 Qd3 12. N4f3 Bd6 13. Nxe5 Bxe5 14. Bc5
Bf6 15. Re1 g6 16. Be2 Qf5 17. Bg4 Qxg4 18. Nf3 Be6 19. h3 Qc4 20. Bd4 Bxd4 21.
Nxd4 O-O 22. Qd2 Nf5 23. Nxe6 fxe6 24. Rxe6 Rae8 25. b3 Qc5 26. Rae1 Rxe6 27.
Rxe6 Nd6 28. b4 Qc4 29. Qc2 Ne4 30. f3 Qxc3 31. Qb1 Qe3+ 32. Kh2 Qf4+ 33. Kg1
Nf6 34. Qe1 d4 35. a3 d3 36. Re3 Qd4 0-1

[Event "CAN-ch U20 U1800"]
[Site "Toronto CAN"]
[Date "2018.08.11"]
[Round "7.14"]
[White "Yang, Brett"]
[Black "Xie, Austin"]
[Result "0-1"]
[WhiteElo "1316"]
[BlackElo "1590"]
[PlyCount "74"]
[EventDate "2018.08.08"]
[EventType "swiss"]
[EventRounds "9"]
[EventCountry "CAN"]

1. c4 e5 2. Nc3 Nf6 3. g3 d6 4. Bg2 c6 5. Nf3 Be6 6. d3 Nbd7 7. Bd2 g6 8. O-O
Bg7 9. h3 O-O 10. Rb1 Ne8 11. Ng5 Qe7 12. Nxe6 Qxe6 13. e4 Nc7 14. b4 a6 15. a4
Rfb8 16. Qb3 Qe7 17. Be3 Ne6 18. Ne2 b5 19. cxb5 cxb5 20. axb5 Rxb5 21. Nc3 Rb7
22. Nd5 Qd8 23. Rfc1 a5 24. Ra1 axb4 25. Rxa8 Qxa8 26. Ne7+ Kf8 27. Rc8+ Qxc8
28. Nxc8 Ndc5 29. Bxc5 Nxc5 30. Qd5 b3 31. Qxd6+ Kg8 32. Ne7+ Rxe7 33. Qxe7 Bf8
34. Qe8 b2 35. Qb8 Nxd3 36. Qb5 Nb4 37. Bf1 b1=Q 0-1

[Event "CAN-ch U20 U1800"]
[Site "Toronto CAN"]
[Date "2018.08.11"]
[Round "7.15"]
[White "Yuen, Noah"]
[Black "Hua, Michelle"]
[Result "1-0"]
[WhiteElo "1675"]
[BlackElo "1569"]
[PlyCount "115"]
[EventDate "2018.08.08"]
[EventType "swiss"]
[EventRounds "9"]
[EventCountry "CAN"]

1. d4 d5 2. c4 e6 3. Nc3 c5 4. cxd5 cxd4 5. Qxd4 Nc6 6. Qd1 exd5 7. e3 Nf6 8.
Nf3 Be6 9. Bb5 Bc5 10. O-O O-O 11. Qe2 Qc7 12. Rd1 Rad8 13. a3 d4 14. Na4 Bb6
15. Nxb6 Qxb6 16. exd4 Nxd4 17. Nxd4 Rxd4 18. Rxd4 Qxd4 19. Be3 Qd6 20. Rd1 Qc7
21. Rc1 Qb8 22. Qf3 Nd5 23. Bd4 Rc8 24. Re1 Qd6 25. Qg3 Qxg3 26. hxg3 Rc2 27.
Re2 Rxe2 28. Bxe2 a6 29. Bf3 Kf8 30. Kf1 g6 31. Ke2 Ke7 32. Kd3 b5 33. Bc5+ Kd7
34. Kd4 Kc6 35. b4 f6 36. g4 Bf7 37. Be7 f5 38. gxf5 gxf5 39. Bc5 f4 40. Be4 h6
41. Ba7 Kd6 42. Bb8+ Nc7 43. Bxc7+ Kxc7 44. Ke5 Kb6 45. Kxf4 a5 46. Kf5 axb4
47. axb4 Be8 48. Ke6 Bh5 49. f4 Kc7 50. Bd3 Kc6 51. f5 Bd1 52. Be4+ Kb6 53. f6
Bh5 54. f7 Bxf7+ 55. Kxf7 Kc7 56. Kg6 Kd6 57. Kxh6 Ke5 58. Bd3 1-0

[Event "CAN-ch U20 U1800"]
[Site "Toronto CAN"]
[Date "2018.08.11"]
[Round "7.16"]
[White "Zhou, Joey"]
[Black "Ahmed, Syed Ibrahim"]
[Result "0-1"]
[WhiteElo "1692"]
[BlackElo "1608"]
[PlyCount "108"]
[EventDate "2018.08.08"]
[EventType "swiss"]
[EventRounds "9"]
[EventCountry "CAN"]

1. d4 Nf6 2. Nf3 c5 3. d5 e6 4. c4 exd5 5. cxd5 d6 6. Nc3 g6 7. e4 Bg7 8. Be2
O-O 9. O-O Re8 10. Nd2 Nbd7 11. f3 a6 12. a4 b6 13. Rb1 Rb8 14. Nc4 Ne5 15.
Nxe5 Rxe5 16. Bf4 Re7 17. Qd2 Ne8 18. Bg5 Bf6 19. f4 Bxg5 20. fxg5 Re5 21. Qf4
Qe7 22. h4 Nc7 23. Rf2 Bd7 24. Rbf1 Rf8 25. Bd3 b5 26. b3 c4 27. bxc4 b4 28.
Ne2 Bxa4 29. Nd4 a5 30. Nf3 Na6 31. Nxe5 Qxe5 32. Qxe5 dxe5 33. Rf6 Nc5 34. Bb1
Bd7 35. Rb6 b3 36. Kf2 a4 37. Ke3 a3 38. g3 Ra8 39. Bd3 b2 40. Bb1 a2 41. Bxa2
Rxa2 42. Rb1 Na4 43. Rb8+ Kg7 44. Ra8 Ra3+ 45. Kf2 Rc3 46. Ra7 Be8 47. d6 Rc1
48. Rxb2 Nxb2 49. d7 Bxd7 50. Rxd7 Rxc4 51. Kf3 Rd4 52. Rb7 Nc4 53. Kf2 Rxe4
54. Rb4 Nd6 0-1

[Event "CAN-ch U20 U1800"]
[Site "Toronto CAN"]
[Date "2018.08.11"]
[Round "7.17"]
[White "Gao, William"]
[Black "Xiang, Christopher"]
[Result "0-1"]
[WhiteElo "1529"]
[BlackElo "1640"]
[PlyCount "92"]
[EventDate "2018.08.08"]
[EventType "swiss"]
[EventRounds "9"]
[EventCountry "CAN"]

1. e4 c5 2. Nf3 d6 3. d4 cxd4 4. Nxd4 Nf6 5. Nc3 g6 6. Be3 Bg7 7. f3 O-O 8. Bc4
Nc6 9. g4 Bd7 10. h4 h5 11. gxh5 Nxh5 12. Qd2 Rc8 13. Bb3 Ne5 14. Bh6 Nc4 15.
Bxc4 Rxc4 16. Bxg7 Kxg7 17. Nb3 Be6 18. O-O-O Qc7 19. f4 Rc8 20. f5 Bd7 21. Rh3
b5 22. fxg6 Bxh3 23. gxf7 Nf6 24. f8=Q+ Kxf8 25. Qh6+ Kf7 26. Rg1 Rg8 27. Rxg8
Kxg8 28. Qg5+ Kf7 29. Qxb5 Qc6 30. Qg5 Qd7 31. Nd2 Rc8 32. Nf3 Qg4 33. Qxg4
Bxg4 34. Ng5+ Kg6 35. Kd2 Kh5 36. Ke3 Kxh4 37. Nf3+ Bxf3 38. Kxf3 Rf8 39. Ke3
Ng4+ 40. Kd4 Kg5 41. Nb5 Rb8 42. c4 a6 43. Nc7 Rxb2 44. Nxa6 Rxa2 45. Nb4 Rd2+
46. Kc3 Re2 0-1

[Event "CAN-ch U20 U1800"]
[Site "Toronto CAN"]
[Date "2018.08.11"]
[Round "7.18"]
[White "Han, Jonathan"]
[Black "Chen, Richard"]
[Result "1/2-1/2"]
[WhiteElo "1629"]
[BlackElo "1271"]
[PlyCount "124"]
[EventDate "2018.08.08"]
[EventType "swiss"]
[EventRounds "9"]
[EventCountry "CAN"]

1. e4 d6 2. d4 Nf6 3. Nc3 g6 4. Nf3 Bg7 5. Be2 O-O 6. Be3 Nbd7 7. Qd2 b6 8.
O-O-O Bb7 9. Bd3 c5 10. e5 cxd4 11. Bxd4 Nxe5 12. Nxe5 dxe5 13. Bxe5 Bxg2 14.
Rhg1 Bf3 15. Rde1 Bc6 16. Bf4 Nd5 17. Nxd5 Bxd5 18. Kb1 e6 19. Bh6 Qf6 20. Bxg7
Qxg7 21. Rg3 Kh8 22. h4 h5 23. Reg1 Kh7 24. Qe2 Qh6 25. Rg5 f5 26. c4 Bc6 27.
Qxe6 Be8 28. Be2 Bf7 29. Qe3 Rae8 30. Qd2 Rd8 31. Qc1 Rfe8 32. Qc2 Re4 33. Bd3
Rxh4 34. Bxf5 Rxc4 35. Bxg6+ Bxg6 36. Qxg6+ Qxg6+ 37. Rxg6 Rd1+ 38. Rxd1 Kxg6
39. Rg1+ Rg4 40. Rxg4+ hxg4 41. Kc2 Kf5 42. Kd3 Kf4 43. Ke2 a6 44. b3 Ke4 45.
a3 Kf4 46. Ke1 Kf3 47. Kf1 a5 48. a4 Kf4 49. Ke1 Ke4 50. Ke2 Kf4 51. Ke1 Kf3
52. Kf1 Ke4 53. Ke2 Kd4 54. Kd2 Ke5 55. Ke3 Kf5 56. Ke2 Ke4 57. Kd2 Kf3 58. Ke1
Kg2 59. Ke2 Kg1 60. Ke1 Kg2 61. Ke2 Kg1 62. Ke1 Kg2 1/2-1/2

[Event "CAN-ch U20 U1800"]
[Site "Toronto CAN"]
[Date "2018.08.11"]
[Round "7.19"]
[White "Shi, Michael"]
[Black "Srinivas, Atharva"]
[Result "0-1"]
[WhiteElo "1486"]
[BlackElo "1588"]
[PlyCount "48"]
[EventDate "2018.08.08"]
[EventType "swiss"]
[EventRounds "9"]
[EventCountry "CAN"]

1. e4 e5 2. Nf3 Nc6 3. Bc4 Bc5 4. Nc3 Nf6 5. d3 h6 6. h3 d6 7. Be3 Bb6 8. a4
O-O 9. Bb5 Bxe3 10. fxe3 a6 11. Bc4 Ne7 12. d4 Nc6 13. d5 Ne7 14. Qd2 Nh7 15.
O-O f5 16. Rad1 fxe4 17. Nxe5 Nf5 18. Nxe4 dxe5 19. d6+ Kh8 20. d7 Bxd7 21.
Qxd7 Nxe3 22. Rxf8+ Qxf8 23. Rd3 Qf1+ 24. Kh2 Qxg2# 0-1

[Event "CAN-ch U20 U1800"]
[Site "Toronto CAN"]
[Date "2018.08.11"]
[Round "7.20"]
[White "Ramesh, Sanjay"]
[Black "Jeyakumar, Bhavatharshan"]
[Result "0-1"]
[WhiteElo "1578"]
[BlackElo "1532"]
[PlyCount "78"]
[EventDate "2018.08.08"]
[EventType "swiss"]
[EventRounds "9"]
[EventCountry "CAN"]

1. d4 Nf6 2. c4 g6 3. Nc3 d5 4. cxd5 Nxd5 5. e4 Nxc3 6. bxc3 Bg7 7. Nf3 c5 8.
Rb1 Nc6 9. d5 Ne5 10. Nxe5 Bxe5 11. Qc2 Qc7 12. Bb5+ Bd7 13. Bxd7+ Qxd7 14. Bh6
O-O-O 15. Be3 Qc7 16. Qb3 c4 17. Qb2 b6 18. a4 Rd7 19. Qb4 f5 20. exf5 gxf5 21.
Rd1 Rhd8 22. Qb5 Bxc3+ 23. Kf1 f4 24. Rc1 Rxd5 25. Qa6+ Kb8 26. Rxc3 Rd1+ 27.
Ke2 Rxh1 28. Rxc4 Qe5 29. Rxf4 Rhd1 30. Qc4 R1d2+ 31. Kf3 Qh5+ 32. Kg3 R2d3 33.
Qe6 R3d6 34. Rf5 Qe2 35. Qxe7 Rg8+ 36. Kf4 Qc4+ 37. Ke5 Rd5+ 38. Ke6 Qc6+ 39.
Kf7 Qg6# 0-1

[Event "CAN-ch U20 U1800"]
[Site "Toronto CAN"]
[Date "2018.08.11"]
[Round "7.21"]
[White "Chakkoli, Anirud"]
[Black "Wang, Eric"]
[Result "0-1"]
[WhiteElo "1416"]
[BlackElo "1677"]
[PlyCount "108"]
[EventDate "2018.08.08"]
[EventType "swiss"]
[EventRounds "9"]
[EventCountry "CAN"]

1. e4 e5 2. Nf3 Nc6 3. Bb5 a6 4. Ba4 Nf6 5. O-O d6 6. d4 b5 7. Bb3 Nxd4 8. Nxd4
exd4 9. c3 dxc3 10. Nxc3 Be7 11. Bg5 Bb7 12. f4 Nd7 13. e5 Bxg5 14. fxg5 Nxe5
15. Qh5 Rf8 16. Nd5 c6 17. Nf4 Qb6+ 18. Kh1 O-O-O 19. a4 g6 20. Qh3+ Kc7 21.
axb5 Qxb5 22. Rfc1 Bc8 23. Qe3 Kb7 24. h3 Qb6 25. Qe2 Qxb3 26. Qxa6+ Kc7 27.
Qa7+ Bb7 28. Ra3 Qxb2 29. Nd5+ Kd7 30. Nf6+ Ke6 31. Qe3 c5 32. Rg1 Qd4 33. Qb3+
Bd5 34. Qb6 Rb8 35. Qa5 Ra8 36. Qc3 Rxa3 37. Qxa3 Ra8 38. Qc1 Qd3 39. Kh2 Qc4
40. Qxc4 Bxc4 41. Ne4 Bd3 42. Nd2 c4 43. Rc1 Ra2 44. Nf1 Bxf1 45. Rxf1 c3 46.
h4 Rd2 47. h5 c2 48. Rf6+ Ke7 49. Rf1 Rd1 50. hxg6 Rxf1 51. gxf7 c1=Q 52. f8=Q+
Kxf8 53. g6 Qf4+ 54. Kh3 Rh1# 0-1

[Event "CAN-ch U20 U1800"]
[Site "Toronto CAN"]
[Date "2018.08.11"]
[Round "7.22"]
[White "Wang, Andrew"]
[Black "Gauthier, David"]
[Result "0-1"]
[WhiteElo "1452"]
[BlackElo "1622"]
[PlyCount "52"]
[EventDate "2018.08.08"]
[EventType "swiss"]
[EventRounds "9"]
[EventCountry "CAN"]

1. e4 c5 2. Nc3 e6 3. f4 Nc6 4. Nf3 Nf6 5. d3 Be7 6. Be2 O-O 7. O-O d5 8. e5
Nd7 9. a3 a6 10. Qe1 f6 11. Qg3 Kh8 12. f5 Ndxe5 13. Nxe5 fxe5 14. fxe6 Rxf1+
15. Bxf1 Bxe6 16. Be2 Bf6 17. Bd2 Bh4 18. Qf3 Nd4 19. Qf1 Nxc2 20. Rc1 Nd4 21.
g3 Bg5 22. Bxg5 Qxg5 23. Na4 Nxe2+ 24. Qxe2 Qxc1+ 25. Kg2 Rf8 26. b3 Bg4 0-1

[Event "CAN-ch U20 U1800"]
[Site "Toronto CAN"]
[Date "2018.08.11"]
[Round "7.23"]
[White "Lei, Yanyu"]
[Black "Zhao, Jonathan"]
[Result "0-1"]
[WhiteElo "1427"]
[BlackElo "1742"]
[PlyCount "42"]
[EventDate "2018.08.08"]
[EventType "swiss"]
[EventRounds "9"]
[EventCountry "CAN"]

1. d4 d5 2. c4 e6 3. Nc3 f5 4. c5 Nf6 5. Bg5 Be7 6. e3 O-O 7. Bd3 Ne4 8. Bxe7
Qxe7 9. Bxe4 fxe4 10. Nge2 c6 11. O-O e5 12. b4 exd4 13. Qxd4 Nd7 14. Nf4 Ne5
15. Ncxd5 cxd5 16. Nxd5 Qg5 17. Qxe4 Nf3+ 18. Kh1 Nd2 19. f4 Qh6 20. Qe5 Nxf1
21. Nc7 Qxh2# 0-1

[Event "CAN-ch U20 U1800"]
[Site "Toronto CAN"]
[Date "2018.08.11"]
[Round "7.24"]
[White "Ran, Charles"]
[Black "Locham, Divjot"]
[Result "1-0"]
[WhiteElo "1679"]
[BlackElo "1373"]
[PlyCount "97"]
[EventDate "2018.08.08"]
[EventType "swiss"]
[EventRounds "9"]
[EventCountry "CAN"]

1. e4 e5 2. Nf3 Nc6 3. Bc4 Bc5 4. c3 Nf6 5. d3 O-O 6. a4 a5 7. O-O h6 8. Be3
Ba7 9. Nbd2 d6 10. Bxa7 Nxa7 11. h3 Re8 12. Re1 Be6 13. Bxe6 fxe6 14. d4 exd4
15. cxd4 Kh8 16. Rc1 e5 17. Qb3 b6 18. dxe5 dxe5 19. Qc3 c5 20. Nxe5 Rxe5 21.
Qxe5 Qxd2 22. Rcd1 Qb4 23. Qe7 Qxa4 24. e5 Ng8 25. Qf7 Nc6 26. Rd7 Nge7 27.
Rxe7 Nxe7 28. Qxe7 Qb4 29. Rd1 Qxb2 30. e6 Qe5 31. Rd8+ Rxd8 32. Qxd8+ Kh7 33.
e7 Qe1+ 34. Kh2 Qe5+ 35. g3 Qf5 36. Qf8 Qxf8 37. exf8=Q c4 38. Qc8 b5 39. Qf5+
Kh8 40. Qxb5 c3 41. Qc4 a4 42. Qxc3 Kh7 43. Kg2 a3 44. Kf3 a2 45. Kg4 h5+ 46.
Kxh5 g6+ 47. Kg5 Kg8 48. Kxg6 a1=Q 49. Qc8# 1-0

[Event "CAN-ch U20 U1800"]
[Site "Toronto CAN"]
[Date "2018.08.11"]
[Round "7.25"]
[White "Gao, Lucy"]
[Black "Qin, Vincent"]
[Result "1/2-1/2"]
[WhiteElo "1509"]
[BlackElo "1644"]
[PlyCount "81"]
[EventDate "2018.08.08"]
[EventType "swiss"]
[EventRounds "9"]
[EventCountry "CAN"]

1. e4 e5 2. Nf3 Nc6 3. d4 exd4 4. Bc4 Bc5 5. Ng5 Nh6 6. Nxf7 Nxf7 7. Bxf7+ Kxf7
8. Qh5+ g6 9. Qxc5 d6 10. Qb5 a6 11. Qb3+ Kg7 12. O-O Re8 13. f3 Qh4 14. c3 Re5
15. Bd2 Rh5 16. cxd4 Qxh2+ 17. Kf2 Qh4+ 18. Ke3 d5 19. Qc2 Be6 20. Na3 Re8 21.
Rh1 Qg3 22. Rxh5 gxh5 23. Be1 Qg6 24. e5 Bf5 25. Qf2 Qh6+ 26. f4 Kf7 27. Bc3
Rg8 28. g3 b5 29. b4 Qf8 30. Qf3 Nxb4 31. Qxh5+ Ke6 32. Qf3 Nc6 33. Nb1 b4 34.
Bb2 Qg7 35. Kf2 Be4 36. Qe3 Qg4 37. Nd2 Bf5 38. Rh1 Na5 39. Rh6+ Bg6 40. Rh4
Qf5 41. g4 1/2-1/2